Normal view
MARC view
- DME. Textbook Jigs And Fixtures
Entry Topical Term
001 - CONTROL NUMBER
- control field: 123450
003 - CONTROL NUMBER IDENTIFIER
- control field: NUST
005 - DATE AND TIME OF LATEST TRANSACTION
- control field: 20240611095715.0
008 - FIXED-LENGTH DATA ELEMENTS
- fixed length control field: 240611|| aca||aabn | a|a d
040 ## - CATALOGING SOURCE
- Original cataloging agency: NUST
- Transcribing agency: NUST
150 ## - HEADING--TOPICAL TERM
- Topical term or geographic name entry element: DME. Textbook Jigs And Fixtures
670 ## - SOURCE DATA FOUND
- Source citation: Work cat.: (NUST): Joshi, H P 123449, Jigs And Fixtures, 2016.
